• 首页
  • 本馆介绍
  • 公告通知
  • 最新文献
  • 馆藏检索
  • 电子资源
  • 读者导购
  • 参考咨询
  • 我的图书馆
  • 登录
  • 详细信息显示
  • 放入我的书架
  • 预约/预借图书
  • 作者相关作品
  • 分类相关作品
  • 丛书相关作品
  • 出版社相关作品

书目信息

  • 表格格式
  • 工作单格式
  • 卡片格式
题名:
东非诸国(二)
    
 
作者: 宋宝华 编著
分册:   肯尼亚、坦桑尼亚、乌干达、卢旺达、布隆迪、塞舌尔
出版信息: 北京   军事谊文出版社  1996.3
页数: 203页
开本: 19cm
丛书名: 世界各国知识丛书
单 册:
中图分类: Z1
科图分类:
主题词: 丛书
电子资源:
ISBN: 7-80027-651-1
000 00800nam0 2200229 45
001 00041714 8
005 20040519091203.3
010    @a7-80027-651-1@dCNY56
100    @a20000417d1996 km y0chiy0120 ea
101    @achi
105    @a z 000yy
200 1  @a东非诸国(二)@i肯尼亚、坦桑尼亚、乌干达、卢旺达、布隆迪、塞舌尔@ADong Fei Zhu Guo(Er)@f宋宝华等编著@FSong Bao Hua Deng Bian Zhu
210    @a北京@c军事谊文出版社@d1996.3
215    @a203页@d19cm
225    @a世界各国知识丛书@i非洲卷
410    @12001 @a世界各国知识丛书
517    @a肯尼亚、坦桑尼亚、乌干达、卢旺达、布隆迪、塞舌尔@AKen Ni Ya、Tan Sang Ni Ya、Wu Gan Da、Lu Wang Da、Bu Long Di、Sai She Er
606 0  @a丛书
690    @aZ1@v1
701  0 @a宋宝华@4编著
801    @aCN@bTSTC@c20000417
905    @dZ1@e56:2(5)@f1@b287715
    
    东非诸国(二).肯尼亚、坦桑尼亚、乌干达、卢旺达、布隆迪、塞舌尔/宋宝华等编著.-北京:军事谊文出版社,1996.3
    203页;19cm.-(世界各国知识丛书.非洲卷)
    
    
    ISBN 7-80027-651-1:CNY56
    
●
相关链接 在E读中查询图书 在五车中查询图书 在当当中查询图书 在豆瓣中查询图书


正题名:东非诸国(二)     索取号:Z1/56:2(5)         预约/预借

序号 登录号 条形码 馆藏地/架位号 状态 备注
1 0287714   002877140   第三借阅区/ [索取号:Z1/56:2(5)] 在馆    
2 0287715   002877159   第三借阅区/ [索取号:Z1/56:2(5)] 在馆    
3 0287716   002877168   第二样本阅览室/ [索取号:Z1/56:2(5)] 在馆    
唐山师范学院图书馆 欢迎您!
大连网信软件有限公司© 版权所有